00365nam a2200145Ia 4500008004100000020001300041041000800054082001500062100002300077245003000100250000600130260006100136300001300197650000900210210716s1995 xx 000 0 und d a74624679 aeng a005.3 TAXR aTaxali, Ravi Kant. aP c software made simple. a1 aNew DelhibTata McGraw Hill Publishing Company Ltdc1995 axxiv,726 aNone